000 00502nam a2200181Ia 4500
999 _c28574
_d28574
003 OSt
005 20210106095529.0
008 190216s9999||||xx |||||||||||||| ||und||
020 _a9788124015766
040 _coclc
082 _a894.812301
_bSUD/U
100 _aSudhi, P K
_98171
245 0 _aUdara Njarakkangal /
_cP K Sudhi
260 _bCurrent Books,
_aKottayam:
_c2005.
300 _a60p
650 _aKathakal
942 _cBK
_2ddc
_h894.812301
_iSUD/U
_k894.812301
_mSUD/U